000 00825 a2200193 4500
003 NUST
005 20251124122911.0
040 _cNust
082 _a621.382,KHA
100 _aKhan, Capt Yasir (TE-42, TCC-17 B)
_9132007
245 _aReconfigurable filter using FPGA /
_cCapt Yasir khan, Capt Khurram khan, Capt Ali Akbar and Capt Dawood.
260 _aRawlalpindi
_bMCS (NUST)
_c2009
300 _a107 .;
505 _aIntroduction (Page-8), Fir Filter Architecture (Page-12), Filter Algorithm Design Using MATLAB (Page-20), Reconfigurable Filtering (Page-36), Software Requirements (Page-42), Hardware Implementation (Page-50), Future recommendation (Page-58), References (Page-60).
650 _aUG Projects
_998716
651 _aTCC-17B
_9131348
700 _aSupervised by Brig (R) Khan
_9132008
942 _cPR
_2ddc
999 _c184069
_d184069